| 000 | 00682nam a22002057a 4500 | ||
|---|---|---|---|
| 999 |
_c13161 _d13161 |
||
| 005 | 20181217162210.0 | ||
| 010 | _aA-315525 B-266393-414 B-284745 | ||
| 020 | _a0603032915 | ||
| 035 | _aA-315525 | ||
| 035 | _aB-266393-414 | ||
| 035 | _a B-284745 | ||
| 082 | _aN | ||
| 100 | _aBlyton, Enid | ||
| 245 |
_aThe naughtiest girl in the school / _cby Enid Blyton |
||
| 260 |
_aLondon _bHamlyn Publishing Group Ltd. _c1973 |
||
| 300 |
_a184p. _c18 cm (Hb) |
||
| 650 | _aEnglish Stories | ||
| 942 |
_2ddc _cCH _hN _mBLY |
||